[Event "Moscow op-A 13th"]
[Site "Moscow"]
[Date "2017.02.05"]
[Round "9"]
[White "Korennoi, Viktor"]
[Black "Gavryushin, Dmitry"]
[Result "1/2-1/2"]
[WhiteElo "2235"]
[BlackElo "2120"]
[PlyCount "43"]
[EventDate "2017.01.28"]
[EventType "swiss"]
[EventRounds "9"]
[EventCountry "RUS"]
[SourceTitle "EXT 2018"]
[Source "ChessBase"]
[SourceDate "2017.10.13"]
[SourceVersion "1"]
[SourceVersionDate "2017.10.13"]
[SourceQuality "1"]

1. d4 Nf6 2. c4 c5 3. d5 e6 4. Nc3 exd5 5. cxd5 d6 6. Nf3 a6 7. Nd2 b5 8. a4 b4 9. Nce4 Nbd7 10. g3 Bb7 11. Bg2 Be7 12. Nxf6+ Bxf6 13. a5 0-0 14. 0-0 Qc7 15. Qb3 Rac8 16. Ne4 Rfe8 17. Rd1 h6 18. f4 Bd8 19. Bf3 Nf6 20. Nxf6+ Bxf6 21. Qc4 Ra8 22. b3 1/2-1/2

[Event "Moscow op-A 13th"]
[Site "Moscow"]
[Date "2017.01.30"]
[Round "3"]
[White "Karayev, Kanan"]
[Black "Gavryushin, Dmitry"]
[Result "1-0"]
[WhiteElo "2257"]
[BlackElo "2120"]
[PlyCount "77"]
[EventDate "2017.01.28"]
[EventType "swiss"]
[EventRounds "9"]
[EventCountry "RUS"]
[SourceTitle "EXT 2018"]
[Source "ChessBase"]
[SourceDate "2017.10.13"]
[SourceVersion "1"]
[SourceVersionDate "2017.10.13"]
[SourceQuality "1"]

1. e4 Nf6 2. e5 Nd5 3. d4 d6 4. c4 Nb6 5. exd6 exd6 6. Nc3 Be7 7. Bd3 Nc6 8. Nge2 0-0 9. 0-0 Bf6 10. b3 g6 11. Be3 Re8 12. Qd2 Bg7 13. Rad1 Nd7 14. h3 Ne7 15. Bg5 c6 16. Rfe1 Bf6 17. Ng3 Bxg5 18. Qxg5 f6 19. Qf4 d5 20. Qd6 Kf7 21. Re6 Ng8 22. Rxe8 Qxe8 23. cxd5 Qe7 24. Qf4 Qb4 25. dxc6 bxc6 26. Bc4+ Kg7 27. Nce4 Ne7 28. Nd6 Nd5 29. Bxd5 cxd5 30. Rc1 Ba6 31. Rc7 Qe1+ 32. Kh2 Qe6 33. Qg4 Qxg4 34. hxg4 Rd8 35. Rxa7 Bd3 36. Nb7 Re8 37. Nc5 Bb5 38. a4 Bc6 39. Rc7 1-0

[Event "Moscow Kolomenskaya op"]
[Site "Moscow"]
[Date "2015.10.19"]
[Round "6"]
[White "Chekletsov, Ilya"]
[Black "Gavryushin, Dmitry"]
[Result "1/2-1/2"]
[WhiteElo "2299"]
[BlackElo "2089"]
[PlyCount "92"]
[EventDate "2015.10.16"]
[EventType "swiss"]
[EventRounds "9"]
[EventCountry "RUS"]
[SourceTitle "CBM 169 Extra"]
[Source "ChessBase"]
[SourceDate "2015.12.18"]
[SourceVersion "1"]
[SourceVersionDate "2015.12.18"]
[SourceQuality "1"]

1. e4 Nf6 2. e5 Nd5 3. c4 Nb6 4. d4 d6 5. exd6 exd6 6. Nc3 Be7 7. Qf3 Nc6 8. Be3 Bf6 9. 0-0-0 Bd7 10. Ne4 d5 11. Nxf6+ Qxf6 12. Qxf6 gxf6 13. c5 Nc4 14. Bf4 0-0-0 15. b3 N4a5 16. Be2 Bf5 17. h4 Rhg8 18. g3 Rde8 19. Kb2 Nb4 20. a3 Nc2 21. Bf3 Ne1 22. Bxd5 Nd3+ 23. Rxd3 Bxd3 24. Bxf7 Rgf8 25. Bxe8 Rxe8 26. f3 Bg6 27. Bd2 Nc6 28. Kc3 Ne7 29. Rh2 Nd5+ 30. Kb2 Bd3 31. Nh3 Bf1 32. Ng1 c6 33. Rf2 Bd3 34. Nh3 Kd7 35. Kc1 Re2 36. Kd1 Re8 37. Bh6 Bg6 38. Kd2 Nc7 39. Bg7 Nd5 40. Re2 Rxe2+ 41. Kxe2 Ke7 42. Kd2 Nc7 43. a4 Bf7 44. Kc2 Ne6 45. Bh6 Nxd4+ 46. Kd3 Nxf3 1/2-1/2

[Event "Moscow Kolomenskaya op"]
[Site "Moscow"]
[Date "2015.10.17"]
[Round "3"]
[White "Ofitserian, Boris"]
[Black "Gavryushin, Dmitry"]
[Result "1-0"]
[WhiteElo "2273"]
[BlackElo "2089"]
[PlyCount "55"]
[EventDate "2015.10.16"]
[EventType "swiss"]
[EventRounds "9"]
[EventCountry "RUS"]
[SourceTitle "CBM 169 Extra"]
[Source "ChessBase"]
[SourceDate "2015.12.18"]
[SourceVersion "1"]
[SourceVersionDate "2015.12.18"]
[SourceQuality "1"]

1. d4 d5 2. Nf3 c6 3. g3 e6 4. Bg2 Bd6 5. 0-0 f5 6. c4 Nf6 7. b3 0-0 8. Bb2 Nbd7 9. Nbd2 f4 10. Ne5 fxg3 11. hxg3 Bxe5 12. dxe5 Ng4 13. Nf3 Qe8 14. Bh3 Qh5 15. Kg2 b6 16. Qd4 Nh6 17. Bxe6+ Kh8 18. cxd5 Nc5 19. Rh1 Qg6 20. Bxc8 Raxc8 21. Nh4 Qe8 22. d6 Qd7 23. Ng6+ hxg6 24. Rxh6+ Kg8 25. Rxg6 Qf5 26. Qg4 Qxf2+ 27. Kh1 Kh8 28. e6 1-0

[Event "RUS-chT U20"]
[Site "Kolomna"]
[Date "2014.08.04"]
[Round "3"]
[White "Kardashevskiy, Evgeny"]
[Black "Gavryushin, Dmitry"]
[Result "1-0"]
[WhiteElo "2148"]
[BlackElo "1910"]
[PlyCount "45"]
[EventDate "2014.08.02"]
[EventType "swiss"]
[EventRounds "9"]
[EventCountry "RUS"]
[SourceTitle "EXT 2016"]
[Source "ChessBase"]
[SourceDate "2015.10.08"]
[SourceVersion "1"]
[SourceVersionDate "2015.10.08"]
[SourceQuality "1"]

1. d4 d5 2. Nf3 c6 3. e3 Bf5 4. Be2 e6 5. 0-0 Bd6 6. c4 Nf6 7. Nc3 0-0 8. Nh4 Bg6 9. Nxg6 hxg6 10. Rb1 Nbd7 11. f4 dxc4 12. Bxc4 c5 13. dxc5 Bxc5 14. Qf3 Nb6 15. Bb5 Qe7 16. Kh1 e5 17. e4 exf4 18. Bxf4 Nh5 19. e5 Bd4 20. Ne2 Nxf4 21. Nxf4 Qxe5 22. Nxg6 Qf6 23. Qh5 1-0

[Event "Kolomna op-B"]
[Site "Kolomna"]
[Date "2012.10.01"]
[Round "7"]
[White "Lauda, Alexandr"]
[Black "Gavryushin, Dmitry"]
[Result "1-0"]
[WhiteElo "1991"]
[BlackElo "1841"]
[PlyCount "117"]
[EventDate "2012.09.27"]
[EventType "swiss"]
[EventRounds "9"]
[EventCountry "RUS"]
[SourceTitle "EXT 2013"]
[Source "ChessBase"]
[SourceDate "2012.11.22"]
[SourceVersion "1"]
[SourceVersionDate "2012.11.22"]
[SourceQuality "1"]

1. e4 c5 2. d4 cxd4 3. c3 Nf6 4. e5 Nd5 5. Nf3 Nc6 6. Bc4 Nb6 7. Bb3 e6 8. cxd4 d5 9. 0-0 Be7 10. Nc3 0-0 11. Bc2 Nb4 12. Bb1 f5 13. exf6 Bxf6 14. Re1 a6 15. a3 Nc6 16. Qd3 g6 17. Bh6 Rf7 18. Ba2 Bd7 19. Rad1 Bg7 20. Bg5 Bf6 21. h4 Qf8 22. Qe3 Re8 23. Bxf6 Rxf6 24. Ne5 Re7 25. g3 Nc8 26. f4 Nxe5 27. dxe5 Rff7 28. Rc1 Bc6 29. Ne2 Rc7 30. Nd4 Qe8 31. Kh2 Qd7 32. g4 Ne7 33. Kg3 Qc8 34. Rc3 Bd7 35. Rec1 Nc6 36. b4 Be8 37. Bb1 Nxd4 38. Qxd4 Bb5 39. Rxc7 Rxc7 40. Rxc7 Qxc7 41. Qc5 Qxc5 42. bxc5 Be8 43. Kf3 Kf8 44. Ke3 Ke7 45. Bc2 h6 46. Kd4 Kd8 47. Bd3 Kc7 48. f5 gxf5 49. gxf5 exf5 50. Bxf5 Kc6 51. Be6 b6 52. Bxd5+ Kc7 53. cxb6+ Kxb6 54. e6 Kb5 55. Bb3 a5 56. Ke5 Kc5 57. Kf6 Kd6 58. e7 a4 59. Bf7 1-0

[Event "Kolomna-ch 62nd"]
[Site "Kolomna"]
[Date "2012.02.05"]
[Round "7"]
[White "Gavryushin, Dmitry"]
[Black "Borgovich, Anton"]
[Result "0-1"]
[WhiteElo "1844"]
[BlackElo "2063"]
[PlyCount "32"]
[EventDate "2012.01.14"]
[EventType "tourn"]
[EventRounds "11"]
[EventCountry "RUS"]
[SourceTitle "EXT 2013"]
[Source "ChessBase"]
[SourceDate "2012.11.22"]
[SourceVersion "1"]
[SourceVersionDate "2012.11.22"]
[SourceQuality "1"]

1. e4 e6 2. d4 d5 3. exd5 exd5 4. c4 c6 5. Nc3 Nf6 6. Bg5 Be7 7. cxd5 Nxd5 8. Bxe7 Qxe7+ 9. Qe2 Qxe2+ 10. Ncxe2 Nb4 11. Kd2 0-0 12. a3 N4a6 13. g3 Rd8 14. Bg2 Nc5 15. Rd1 Bf5 16. Nf3 Be4 0-1

[Event "Kolomna-ch 62nd"]
[Site "Kolomna"]
[Date "2012.01.15"]
[Round "2"]
[White "Kovpak, Igor"]
[Black "Gavryushin, Dmitry"]
[Result "0-1"]
[WhiteElo "2015"]
[BlackElo "1844"]
[PlyCount "150"]
[EventDate "2012.01.14"]
[EventType "tourn"]
[EventRounds "11"]
[EventCountry "RUS"]
[SourceTitle "EXT 2013"]
[Source "ChessBase"]
[SourceDate "2012.11.22"]
[SourceVersion "1"]
[SourceVersionDate "2012.11.22"]
[SourceQuality "1"]

1. d4 d5 2. c4 c6 3. Nc3 e6 4. Nf3 Nf6 5. e3 Bd6 6. Qc2 0-0 7. c5 Bc7 8. Bd3 Nbd7 9. Ng5 h6 10. h4 e5 11. Bh7+ Kh8 12. Bd2 e4 13. Bf5 Nxc5 14. dxc5 Bxf5 15. Nh3 Qe7 16. Ne2 Nd7 17. Nd4 Bxh3 18. Rxh3 Qxc5 19. Bc3 Ba5 20. Nb3 Bxc3+ 21. bxc3 Qd6 22. 0-0-0 Ne5 23. Kb1 Nc4 24. Ka1 b5 25. g4 Rab8 26. g5 h5 27. Qe2 g6 28. f4 b4 29. Qxc4 dxc4 30. Rxd6 cxb3 31. Rxc6 bxc3 32. Rxc3 bxa2 33. Kxa2 Rfc8 34. Ra3 Rc2+ 35. Ka1 Rd8 36. Rh1 Kg7 37. Ra4 Rdd2 38. Rxe4 Rh2 39. Rxh2 Rxh2 40. Ra4 Rxh4 41. Kb2 Rh3 42. Ra3 Rg3 43. Kc2 h4 44. Kd3 h3 45. Ra1 h2 46. Rh1 Rg2 47. e4 a5 48. Kc3 Rf2 49. Kb3 Rxf4 50. Rxh2 Rg4 51. Ra2 Rxg5 52. Kc4 Kf6 53. Kd4 Rb5 54. Ra3 Ke6 55. Ke3 Ke5 56. Rd3 a4 57. Rd7 Rb3+ 58. Kd2 Kxe4 59. Rxf7 Rf3 60. Rg7 Kf5 61. Rf7+ Kg4 62. Ra7 Rf4 63. Ke2 g5 64. Ra5 Kh4 65. Ra8 Kg3 66. Ra5 g4 67. Rh5 Kg2 68. Rc5 g3 69. Ra5 Kg1 70. Ke3 Rb4 71. Kf3 g2 72. Rd5 Rb3+ 73. Kg4 a3 74. Ra5 a2 75. Rxa2 Kh1 0-1

[Event "Kolomna-ch U14"]
[Site "Kolomna"]
[Date "2011.12.10"]
[Round "8"]
[White "Gavryushin, Dmitry"]
[Black "Soza, Mikhail"]
[Result "1-0"]
[WhiteElo "1816"]
[BlackElo "1762"]
[PlyCount "77"]
[EventDate "2011.11.30"]
[EventType "tourn"]
[EventRounds "14"]
[EventCountry "RUS"]
[SourceTitle "EXT 2022"]
[Source "ChessBase"]
[SourceDate "2021.10.06"]
[SourceVersion "1"]
[SourceVersionDate "2021.10.06"]
[SourceQuality "1"]

1. e4 d6 2. d4 Nf6 3. Bd3 g6 4. c4 Nbd7 5. Nc3 c5 6. d5 Bg7 7. Nge2 0-0 8. 0-0 a6 9. f4 e6 10. f5 exd5 11. fxg6 hxg6 12. exd5 Ne5 13. Bg5 Ned7 14. Nf4 Qc7 15. h4 Ne5 16. Bxf6 Bxf6 17. h5 Nxd3 18. Qxd3 Bf5 19. Qg3 Kh7 20. hxg6+ Bxg6 21. Nxg6 fxg6 22. Rf3 Bxc3 23. bxc3 Rxf3 24. gxf3 Re8 25. Kf2 Kg7 26. Rg1 Qf7 27. Qxd6 Qf6 28. Qxf6+ Kxf6 29. Re1 Rd8 30. Re6+ Kf7 31. Rb6 Rd7 32. Kg3 Kg7 33. Kg4 Kf7 34. Kg5 Kg7 35. Rxg6+ Kf7 36. f4 b5 37. Rxa6 bxc4 38. d6 Kg7 39. Rc6 1-0